| 000 | 00374nam a2200157Ia 4500 | ||
|---|---|---|---|
| 008 | 210210b1913 xxu||||| |||| 00| 0 eng d | ||
| 041 | _aeng | ||
| 082 | _a444/51 | ||
| 100 | _aGEDDES (J) | ||
| 245 | _aFrench pronounciation | ||
| 260 |
_aNew York _bOxford University Press _c1913 |
||
| 650 | _apronounciation | ||
| 650 | _aFrench | ||
| 690 | _aFrench | ||
| 906 | _a006246 | ||
| 999 |
_c129265 _d129265 |
||